Frozen 2- Show Yourself Quiz - Statistics

General Stats
  • This quiz has been taken 958 times
  • The average score is 37 of 62
Answer Stats
Hint Answer % Correct
Every inch of me __ _____ is trembling
91%
___ ___ from the cold but not
87%
____ _______ show yourself
84%
___ ________ show yourself
84%
___ ________ show yourself
84%
__ ________ show yourself
84%
Oh, ___ _______ show yourself
84%
____ ________ show yourself
84%
Oh, ___ ________ show yourself
84%
Like a friend I've _____ ____ always known
81%
ah ah ah ah ah __ ah ah ah ah
79%
Ah ah __ ah ah
79%
Ah ah ah __ ah
79%
23x __ ah
79%
Are you __ __ I've been looking for the one
79%
Something is ________ familiar
78%
I can ____ you there sense
77%
And it feels like I __ ____ am home
75%
But don't have to ____ hide
74%
___ are the one you've been waiting for you
74%
You have ______ too secrets
73%
___ __ __ ____ all of my life
71%
__ __ __ ___ all of my life
71%
___ __ __ ____ all of my life
71%
I'm _____ to meet you dying
71%
All of ____ life your
70%
I'm ________ arriving
69%
Like a ____ I can reach but not ____ ____ dream, quite hold
69%
I'm _____ __ learn ready to
64%
It's ____ ____ your turn
63%
I have always ____ _ _______ been a fortress
62%
But I'm here for _ ________ a reason
60%
Could it be the reason _ __ ___ I was born
60%
___ moment more one
59%
___ ______ deep inside cold secrets
58%
I've ___ so far come
57%
____ to me now come
57%
Is this the __ day
56%
_______ ____ did not apply normal rules
56%
__ __ the way are you
54%
I have always been __ ________ so different
54%
I've ____ felt so _________ never, certain
53%
I ____ find out __ finally, why
52%
____ make me wait don't
48%
____ your door open
48%
Open your ____ door
47%
I'm no _____ _______ longer trembling
46%
___ __ ____ I've been ____ all my life, torn
44%
One ________ more moment
44%
__, come to me now oh
43%
Don't ___ __ ____ make me wait
42%
___ _ __ here I am
41%
There's a ______ river
38%
Full of ______ memory
37%
Where the _____ ___ meets the __ north wind, sea
37%
Let me __ __ __ __ see who you are
35%
I am _____ found
33%
Come, my darling, _______ _____ homeward bound
30%
You are the ____ I've _____ for answer, waited
25%
Into _______ ___ something new
24%
___ into your _______ step, power
23%
_____ yourself throw
13%
No matching quizzes found
Score Distribution
Percent of People with Each Score
Percentile by Number Answered
Your Score History
You have not taken this quiz